| 000 | 00825nam a2200253Ia 4500 | ||
|---|---|---|---|
| 003 | OSt | ||
| 005 | 20220927110336.0 | ||
| 006 | a|||||r|||| 00| 0 | ||
| 007 | ta | ||
| 008 | 220926b |||||||| |||| 00| 0 eng d | ||
| 024 | _a61632 | ||
| 037 | _cReports | ||
| 040 |
_aRTL _cRTL _beng |
||
| 041 |
_2eng _aeng |
||
| 082 | _a"X62.222.N56t, J6/GD" | ||
| 110 |
_aTravancore-cochin. Banking Inquiry (commission) (1956)(chairman K Ramunni Menon) _9376272 |
||
| 245 | 0 | _aReport of the Travancore - Cochin | |
| 260 |
_aDelhi _bManager of publication India _c1956 |
||
| 300 |
_a244p. _ccm. |
||
| 650 | _aIndia | ||
| 700 |
_aTravancore-cochin. Banking Inquiry (commission) (1956)(chairman K Ramunni Menon) _9376273 |
||
| 942 |
_h"X62.222.N56t, J6/GD" _cCC |
||
| 999 |
_c695603 _d695603 |
||